[Event "Tata Steel-A 80th"]
[Site "Wijk aan Zee"]
[Date "2018.01.16"]
[Round "4"]
[White "Hou, Yifan"]
[Black "Matlakov, Maxim"]
[Result "0-1"]
[WhiteElo "2680"]
[BlackElo "2718"]
[Annotator "Mekhitarian,K"]
[PlyCount "108"]
[EventDate "2018.01.13"]
[EventType "tourn"]
[EventRounds "13"]
[EventCountry "NED"]
[EventCategory "20"]
[SourceTitle "CBM 183"]
[Source "ChessBase"]
[SourceDate "2018.03.14"]
[SourceVersion "1"]
[SourceVersionDate "2018.03.14"]
[SourceQuality "1"]

1. e4 e5 2. Nf3 Nc6 3. Bb5 a6 4. Ba4 Nf6 5. O-O Be7 6. Re1 b5 7. Bb3 O-O 8. c3
d5 {The Marshall attack! Played surprisingly only 6,600 times in chess history
(I really thought that number would be bigger), it was brought to practice by
Frank James Marshall - he played it four times, scoring two wins, a loss 
(against Capablanca) and a draw (against Lasker).} 9. d4 $5 (9. exd5 Nxd5 {
is the modern approach} (9... e4 {was tried by Marshall in his debut in a
simultaneous exhibition - this line is considered very bad for Black nowadays.}
10. dxc6 exf3 11. g3 $1 Re8 12. d4 Bg4 13. Bg5 h6 14. Bxf6 Bxf6 15. Nd2 $16 {
1-0 (34) Nakamura,H (2741)-Short,N (2680) London 2010. with a huge advantage
for White}) 10. Nxe5 Nxe5 11. Rxe5 c6 {is the main line, repeatedly tried with
success by its main defender, Levon Aronian} (11... Nf6 {was Marshall's try
against Capablanca, who played near perfection the whole game} 12. Re1 Bd6 13.
h3 Ng4 14. Qf3 Qh4 15. d4 Nxf2 16. Re2 $1 Bg4 17. hxg4 Bh2+ 18. Kf1 Bg3 19.
Rxf2 Qh1+ 20. Ke2 Bxf2 21. Bd2 $1 Bh4 22. Qh3 Rae8+ 23. Kd3 Qf1+ 24. Kc2 Bf2
25. Qf3 Qg1 26. Bd5 $1 $18 {1-0 (36) Capablanca,J-Marshall,F New York,NY 1918})
12. Re1 Bd6 13. d3 Bf5 14. Qf3 Qh4 15. g3 Qh3 16. Bxd5 Bg4 17. Qg2 cxd5 18.
Qxh3 Bxh3 19. Be3 {entering a typical Marshall endgame - White is a pawn up,
but Black has the bishop pair and excellent play. In this game, I dare say
that Nakamura was able to create some chances.} Bf5 20. d4 Rfe8 (20... Rfc8 $5
{preparing b4} 21. a3 a5 22. Nd2 f6 $44 {following Aronian's footsteps, with
the rook on c8 instead of e8}) 21. Nd2 f6 22. Bf4 $1 Bf8 23. Nf1 $14 {½-½ 
(43) Nakamura,H (2780)-Aronian,L (2801) Palma de Mallorca 2017, after coming
under some pressure, Black was able to hold.}) 9... exd4 (9... dxe4 {is
another safe way to deal with this position} 10. Nxe5 Nxe5 11. dxe5 Qxd1 12.
Bxd1 Nd7 13. Rxe4 Nc5 14. Rd4 Ne6 15. Rd2 Bg5 (15... Bb7 $5 $44) 16. Rc2 Bxc1
$1 (16... Rd8 17. Bf3 Bb7 18. Bxg5 Nxg5 19. Nd2 $14 {1/2-1/2 (83) Halkias,S 
(2583)-Melkumyan,H (2642) Heraklio 2017}) 17. Rxc1 Nf4 18. Bf3 Rb8 19. Rd1 Ng6
20. Nd2 Nxe5 $11 {1/2-1/2 (81) Kurnosov,I (2649)-Khalifman,A (2614) Nakhchivan
2013}) 10. e5 Ne4 11. cxd4 Bf5 12. Nc3 Nxc3 13. bxc3 Na5 (13... Qd7 $6 14. Bg5
Ba3 $2 (14... Bxg5 15. Nxg5 Na5 16. Bc2 {with good prospects on the kingside})
15. Nh4 $1 $146 {a strong novelty, that puts the whole 13...Qd7 move under
trouble} Be6 16. Bc2 g6 17. Bf6 Rfe8 18. f4 Ne7 19. Rf1 Bg4 20. Qe1 {and White
already has a winning position with the decisive attack} Kf8 21. f5 $1 $18 {
1-0 (30) Mastrovasilis,D (2580)-Sargissian,G (2650) Minsk 2017}) 14. Bc2 Bxc2
15. Qxc2 Nc4 {Matlakov is a very classical player and goes for the bishop
exchange followed by occupying the weak square with a knight, which looks very
logical.} 16. a4 Qd7 17. Bg5 {On the other hand, we have a strong attacking
player, Hou Yifan, known for her dynamic games always full of initiative.} bxa4
18. Rxa4 a5 {Thinking long term, Black should be happy, there is a potential
outside passed pawn and a great outpost for the knight on c4. On the other
hand, White has some kingside prospects, which seem less threatening after
each move, since White's forces are directed towards the queenside.} 19. Rea1
Rfb8 20. R4a2 $6 (20. Bxe7 $5 Qxe7 21. Nd2 $1 (21. R4a2 $5 {preparing to
remove Black's strong knight with Nd2 is also possible}) 21... Rb2 22. Qc1 Rxd2
23. Rxc4 dxc4 24. Qxd2 a4 $13 {with a complex pawn endgame.}) 20... Bxg5 $1 {
Forcing the white knight to go to g5, from where it stands far away from d2.
And White doesn't have attacking prospects anymore, which means that g6 is no
big deal.} 21. Nxg5 g6 22. h3 (22. Nf3 a4 23. Nd2 Nxd2 24. Qxd2 Rb3 $15 {
followed by ...Qb5, Black is able to grab the initiative quickly.}) 22... Rb6
23. Nf3 Rab8 $1 {Stopping Nd2 and preparing a queenside invasion at some point.
} 24. Qc1 Kg7 {Avoiding Qh6.} 25. Kh2 $6 (25. Nd2 $1 {once again this was
needed} Nxd2 26. Qxd2 Rb1+ 27. Kh2 Rxa1 28. Rxa1 a4 29. Qa2 Ra8 30. Qb1 $11 {
followed by Qb4, White should be fine.}) 25... Qf5 26. Nd2 Nb2 (26... Qf4+ $1
27. Kh1 Rb2 $1 28. Rxb2 Nxb2 $17 {threatening to take on f2 and also ...Nd3.})
27. Nf3 $6 (27. Nf1 $3 {was a very hard move, preparing Ng3 at any cost:} Qxf2
28. Ng3 {now there is a Qg5 threat, and the b2-knight isn't going anywhere} h6
29. Rb1 Rb3 30. Nh1 $1 {talk about creative knight moves!} Qe2 31. Ng3 Qf2 (
31... Qb5 32. Qf4 $36 {with a strong initiative}) 32. Nh1 Qe2 33. Ng3 $11)
27... a4 28. Rxa4 $2 {The position was tough, but this helps Black.} Nxa4 29.
Rxa4 Rb2 30. Qe3 Qe4 31. Qxe4 dxe4 32. Ng5 Rxf2 (32... Re2 $1 {threatening ...
h6} 33. d5 e3 34. fxe3 Rbb2 $19) 33. Nxe4 Re2 34. Nf6 Rbb2 35. Kg3 Re3+ 36. Kf4
Rxc3 37. Ra8 Rxg2 $1 38. Rg8+ Kh6 39. Rh8 Rf2+ 40. Ke4 Rxf6 $5 {The practical
decision, leading to a very good rook endgame, that isn't that easy to convert.
I like the decision generally, but here it almost cost Matlakov half a point.}
(40... g5 $1 {was also winning (Ng4+ doesn't win the rook, because of ...Kg7,
hitting h8).}) 41. exf6 Kg5 42. Rxh7 Kxf6 43. Rh8 Kg5 44. h4+ Kg4 45. d5 Rc4+
$2 (45... f5+ $1 46. Kd4 Rh3 47. Rh7 (47. Rg8 $2 Rxh4 $1 {White can't take on
g6 because of ...Kh5+}) 47... Rxh4 48. Rxc7 f4 49. d6 Rh8 50. Rg7 (50. d7 Rd8
51. Kd3 Kf3 $1 {stopping White from bringing the king back to defence} 52. Kd2)
50... g5 51. d7 Rf8 $1 {preparing ...f3} 52. Re7 {[%cal Ge7e8]} Rd8 53. Rg7 Kf3
$1 $19 {transposing to another winning endgame, in case the pawn gets
exchanged.}) 46. Ke5 $2 (46. Kd3 $1 Rc1 (46... Rf4 {If the black rook leaves
the c-file, then Rc8 is played, with nice counterplay} 47. Rc8 $1 $132) 47. Kd4
{and Black can't make any real progress} f5 48. Rg8 $11) 46... f5 $1 {Now
Black is winning again.} 47. h5 Re4+ 48. Kf6 gxh5 49. Rc8 f4 50. Rxc7 f3 {
And the f-pawn is unstoppable.} 51. Rg7+ Kf4 52. Rh7 f2 53. Rxh5 Kg3 54. Rg5+
Rg4 0-1

[Event "Tata Steel-A 80th"]
[Site "Wijk aan Zee"]
[Date "2018.01.16"]
[Round "4"]
[White "Karjakin, Sergey"]
[Black "Mamedyarov, Shakhriyar"]
[Result "1/2-1/2"]
[WhiteElo "2753"]
[BlackElo "2804"]
[PlyCount "70"]
[EventDate "2018.01.13"]
[EventType "tourn"]
[EventRounds "13"]
[EventCountry "NED"]
[EventCategory "20"]
[SourceTitle "CBM 183"]
[Source "ChessBase"]
[SourceDate "2018.03.14"]
[SourceVersion "1"]
[SourceVersionDate "2018.03.14"]
[SourceQuality "1"]
[TimeControl "40/6000+30:20/3000+30:900+30"]

1. e4 {[%emt 0:00:00]} e5 {[%emt 0:00:08]} 2. Nf3 {[%emt 0:00:00]} Nf6 {
[%emt 0:00:13]} 3. Nxe5 {[%emt 0:00:01]} d6 {[%emt 0:00:09]} 4. Nf3 {[%emt 0:
00:05]} Nxe4 {[%emt 0:00:07]} 5. d4 {[%emt 0:00:40]} d5 {[%emt 0:00:14]} 6. Bd3
{[%emt 0:00:06]} Nc6 {[%emt 0:00:35]} 7. O-O {[%emt 0:00:26]} Be7 {[%emt 0:00:
12]} 8. Nbd2 {[%emt 0:01:27]} Bf5 {[%emt 0:06:20]} 9. Re1 {[%emt 0:00:18]} Nxd2
{[%emt 0:02:04]} 10. Qxd2 {[%emt 0:00:06]} Bxd3 {[%emt 0:05:51]} 11. Qxd3 {
[%emt 0:00:06]} O-O {[%emt 0:00:09]} 12. c3 {[%emt 0:03:36]} h6 {[%emt 0:14:49]
} 13. Bf4 {[%emt 0:05:11]} Bd6 {[%emt 0:00:36]} 14. Bg3 {[%emt 0:04:35]} Qd7 {
[%emt 0:07:24]} 15. Re3 {[%emt 0:14:01]} Rfe8 {[%emt 0:04:01]} 16. Rae1 {
[%emt 0:00:16]} Rxe3 {[%emt 0:05:09]} 17. Rxe3 {[%emt 0:00:14]} a6 {[%emt 0:04:
29]} 18. Bxd6 {[%emt 0:12:50]} Qxd6 {[%emt 0:00:11]} 19. Nh4 {[%emt 0:00:04]}
Qd7 {[%emt 0:16:16]} 20. Qf5 {[%emt 0:05:33]} Rd8 {[%emt 0:00:21]} 21. Qxd7 {
[%emt 0:10:28]} Rxd7 {[%emt 0:00:12]} 22. Re8+ {[%emt 0:00:04]} Kh7 {[%emt 0:
00:05]} 23. Rc8 {[%emt 0:00:04]} Ne7 {[%emt 0:11:42]} 24. Rb8 {[%emt 0:00:29]}
c5 {[%emt 0:00:05]} 25. Nf3 {[%emt 0:08:29]} Nc6 {[%emt 0:00:12]} 26. Rc8 {
[%emt 0:00:04]} cxd4 {[%emt 0:03:29]} 27. Nxd4 {[%emt 0:00:07]} Nxd4 {[%emt 0:
00:14]} 28. cxd4 {[%emt 0:00:02]} Re7 {[%emt 0:04:39]} 29. Kf1 {[%emt 0:00:10]}
Re4 {[%emt 0:00:05]} 30. Rc7 {[%emt 0:00:06]} b5 {[%emt 0:00:12]} 31. Rxf7 {
[%emt 0:00:50]} Rxd4 {[%emt 0:00:08]} 32. Ke2 {[%emt 0:00:15]} Ra4 {[%emt 0:01:
33]} 33. a3 {[%emt 0:00:09]} Rc4 {[%emt 0:01:30]} 34. Kd3 {[%emt 0:02:18]} b4 {
[%emt 0:00:46]} 35. axb4 {[%emt 0:02:12]} Rxb4 {[%emt 0:00:08]} 1/2-1/2

[Event "Tata Steel-A 80th"]
[Site "Wijk aan Zee"]
[Date "2018.01.16"]
[Round "4"]
[White "Kramnik, Vladimir"]
[Black "Svidler, Peter"]
[Result "1-0"]
[WhiteElo "2787"]
[BlackElo "2768"]
[Annotator "Marin,M"]
[PlyCount "47"]
[EventDate "2018.01.13"]
[EventType "tourn"]
[EventRounds "13"]
[EventCountry "NED"]
[EventCategory "20"]
[SourceTitle "CBM 183"]
[Source "ChessBase"]
[SourceDate "2018.03.14"]
[SourceVersion "1"]
[SourceVersionDate "2018.03.14"]
[SourceQuality "1"]

1. Nf3 Nf6 2. g3 d5 3. Bg2 g6 4. O-O Bg7 5. d4 O-O 6. c4 c6 {The eternal
problem for White: how to prove anything concrete in the symmetrical Gruenfeld?
} 7. Ne5 {By far not the main line, but not really new either. Besides, it has
been tried by Kramnik a couple of times before this game.} Be6 {Deviating from
his opponent's previous games with this line:} (7... Ne4 8. Nc3 Nxc3 9. bxc3
dxc4 10. Nxc4 Be6 11. Qd3 {White's centre looks impressive so far but as so
many times in this opening Black's piece pressure should be enough to keep the
balance even.} Nd7 12. Rd1 Nb6 13. Na5 {White avoids exchanges in order to
give meaning to his space advantage.} Qd7 14. c4 {In view of the
recommendation on the next move, this may be premature.} Rad8 ({Now was a good
time for throwing the pawns into the fight with:} 14... c5 $11) 15. Be3 Qc7 $6
{Once again refraining from the thematic break. In Kramnik,V (2812)-So,W (2770)
Paris (rapid) 2016 (½-½, 56) White could have retained an advantage with} 16.
Rac1 $16 {getting out of the unpleasant pin and thus stabilising the centre.})
(7... Nbd7 8. Nc3 Nxe5 9. dxe5 Ne4 10. cxd5 Nxc3 11. bxc3 cxd5 12. f4 Be6 13.
Be3 f6 14. Qb3 {White has managed to obtain some initiative, but will fail to
convert it into anything palpable.} fxe5 15. Rad1 Qc7 16. Bxd5 Bxd5 17. Rxd5
Kh8 18. fxe5 Rxf1+ 19. Kxf1 e6 20. Rd3 Qc6 {Kramnik,V (2810)-Ding,L (2764)
Novi Sad 2016 (½-½, 37) and Black gradually neutralised White's initiative.})
8. cxd5 Bxd5 {Switching to the genuine Grьnfeld spirit, with piece pressure
against White's centre.} (8... cxd5 9. Nc3 {trasposes to a somewhat uusual
version of the Exchange variation. The bishop typically does not land on e6.}
Nc6 (9... Nfd7 $6 {Arkell,K (2450)-Fernandez,D (2450) Crawley e2e4 Gatwick op
10 2016 (9) 1/2} 10. Nxd5 Nxe5 11. dxe5 Bxe5 12. Bh6 Re8 13. Qb3 $36) (9...
Nbd7 10. Nd3 Nb6 11. Nc5 Qc8 12. Nxe6 Qxe6 13. Qd3 $14 {Pedersen,N (2417)
-Kristensen,K (2244) Ballerup 2009 (1-0, 40) White's bishop pair offers him
some advantage, probably something Kramnik would have been delighted to make
use of. Besides, the knight does not stand too well on b6.}) 10. Nxc6 bxc6 {
In fact this position has been reached in numerous games, but most of them via
a different move order (7.cxd5). But still it is not Black's main line,
meaning that for White reaching here would be a small success.}) 9. Nc3 {
Aiming for rapid development.} ({The main alternative is} 9. Bh3 {trying to
prove that the central bishop is exposed. It is interesting mentioning that
Kasparov had played this position with both colours!} Nfd7 ({With Black,
Kasparov tried} 9... c5 10. dxc5 Ne4 11. Nd3 Na6 12. Be3 Bc6 {Speelman,J (2645)
-Kasparov,G (2760) Reykjavik 1988 (½-½, 17)} 13. Na3 $16 {This game might
have inspired Kasparov to try the line with White many years later, but the
opening wasn't a big success for him that time either.}) 10. Nxd7 Nxd7 11. Nc3
Bc4 12. b3 Ba6 13. Bb2 e5 14. d5 cxd5 15. Qxd5 Nf6 16. Qxd8 Rfxd8 $11 {
Kasparov,G (2830)-Belzberg,S London 2003 (1-0, 28)}) 9... Bxg2 10. Kxg2 Nbd7 {
This not only prepares ...c6-c5 but also puts pressure on the central knight.
On the other hand, if Black does not find a favourable moment for playing ...
Nxe5 his knight will be hanging slightly.} ({The alternative is} 10... Na6 11.
Nf3 ({I do not understand this willing retreat from the centre especially that
the knight is not exposed to an exchange. The consolidating} 11. f4 {deserves
attention:} e6 12. e4 c5 13. Be3 cxd4 14. Bxd4 Ng4 {Otherwise White would
simply retain active play.} 15. Nxg4 Bxd4 16. e5 {with some chances to
endanger the enemy king.}) 11... c5 12. d5 b5 {Wen,Y (2611)-Xu,M (2305) Wuxi
2016 (1-0, 33) with excellent black counterplay.}) 11. Qb3 Qb6 12. Rd1 Qxb3
$146 {This looks like a small concession as it clears the a-file for the white
rook and allows a later b3-b4, stabilising the queenside. But I have failed to
prove this move objectively wrong.} ({The main alternative I analysed is} 12...
Rad8 13. Nd3 Nd5 14. e4 (14. Nxd5 cxd5 15. Qxd5 Ne5 $11) 14... Nc7 15. Be3 Qxb3
{Necessary already in order to prepare the counterplay in the centre.} 16. axb3
a6 17. b4 f5 $132) ({Previously only} 12... e6 {was tried.} 13. Bf4 ({
Apparently not the most effective.} 13. Nc4 Qa6 14. e4 {or}) (13. e4 c5 14.
Nxd7 Nxd7 15. d5 {may be more active.}) 13... Rfd8 ({Too mild. Black should
have used the fact that after} 13... Nxe5 {14.dxe5 Ng4 the e5-pawn is hanging,
while after} 14. Bxe5 Qxb3 15. axb3 Rfd8 {Black would have little to fear due
to the exchange of one knight.}) 14. Nc4 Qa6 15. a4 Nd5 16. Bg5 N7f6 17. e4
Nxc3 18. bxc3 $14 {Palachev,P (2370)-Bocharov,I (2534) Moscow 2018 (½-½, 64)}
) 13. axb3 Rfc8 ({I would find it more appropriate setting up pressure along
the d-file with} 13... Rfd8 {when White's slight delay in development may
count.} 14. Nc4 ({If} 14. f4 Nd5 {the immediate threat is ...Nxc3 followed by .
..Nxe5 winning a pawn while otherwise Blck may consider ...f7-f5.}) 14... Nf8 {
followed by ...Ne6. For instance:} 15. e4 Ne6 16. d5 cxd5 17. exd5 Nc7 18. d6
exd6 19. Nxd6 b6 {and White's initiative has reached a dead end.}) 14. f4 ({
I would consider preveting ...c6-c5 with} 14. b4 {for instance} Nf8 {[%cal
Gf6d5]} 15. e4 Rd8 16. Be3 Ne6 17. f4 $14 {But Kramnik probably wanted to gain
a tempo for his kingside initiative over this line, considering that ...c6-c5
would play into his hands.}) 14... c5 (14... Nf8 15. e4 Ne6 16. Be3 $14 {
is even better for White than in the line above; for instance} Rd8 17. Kf3 Nc7
18. g4) 15. Be3 cxd4 (15... b6 16. Kf3 $14) 16. Rxd4 $1 {The only way to
maintain the initiative.} (16. Bxd4 Nxe5 17. Bxe5 Ng4 $11) 16... Nxe5 17. fxe5
Ne8 18. Rd7 Rc7 $2 ({Hard to say whether Svidler blundered by missing
Kramnik's reply or underestimated his chances after the natural} 18... Bxe5 19.
Rxe7 Bxc3 20. bxc3 Rxc3 21. Rxa7 Rxe3 22. Rxe3 Rxa7 23. Rxe8+ Kg7 24. Re7 Kf6
25. Rc7 {In principle White is better, but Black should draw without major
problems. The most accurate way would be} h5 {Before abandoning the pawn,
Black makes maximal kingside progress.} 26. h4 Ke6 27. b4 f6 28. b5 Kf5 29. b6
Ra3 30. Kh3 (30. Rxb7 Kg4 $11) 30... Re3 31. Rxb7 Rxe2 $11) 19. Rxa7 $1 $16 Rb8
(19... Rxa7 20. Rd8 Kf8 21. Bxa7 Rc6 (21... Bxe5 22. Bb8 Rc5 23. b4 $18) 22.
Bd4 $16) (19... Rxd7 20. Rxa8 Kf8 21. Nb5 $18 {Black is paralyzed and will
soon be in Zugzwang for if} Bxe5 22. Bh6+) 20. Rd5 b6 ({Another mysterious
move. Good or bad, Black should have gained some breathing space with} 20... f5
) 21. Nb5 Rxa7 22. Nxa7 Kf8 23. Rd7 Ra8 (23... Bxe5 24. Nc6 $18) 24. Bd4 (24.
Bd4 {Svidler probably had enough of it already. But since he is not
immediately losing, this reminds me of an old episode: when asking a friend of
mine why he resigned his game, he answered: "It was too dangerous to play on."
For the truth's sake, Svidler had virtually no chance to save the game:} f6 25.
Bxb6 fxe5 26. Bc5 Bf6 27. b4 Kf7 28. b5 Ke6 29. Rd1 Nd6 30. b6 Nb7 31. Nb5 Rd8
32. Nc7+ Kf7 (32... Kf5 33. Rxd8 Nxd8 34. g4+ Kxg4 35. Ne6 Nb7 36. e4 Kh5 37.
Be3 g5 38. Nc5 $18) 33. Rxd8 Nxd8 34. Kf3 $18) 1-0

[Event "Tata Steel-A 80th"]
[Site "Wijk aan Zee"]
[Date "2018.01.16"]
[Round "4"]
[White "Wei, Yi"]
[Black "Jones, Gawain C B"]
[Result "1-0"]
[WhiteElo "2743"]
[BlackElo "2640"]
[Annotator "Krasenkow,M"]
[PlyCount "95"]
[EventDate "2018.01.13"]
[EventType "tourn"]
[EventRounds "13"]
[EventCountry "NED"]
[EventCategory "20"]
[SourceTitle "CBM 183"]
[Source "ChessBase"]
[SourceDate "2018.03.14"]
[SourceVersion "1"]
[SourceVersionDate "2018.03.14"]
[SourceQuality "1"]

1. d4 Nf6 2. c4 g6 3. Nc3 Bg7 4. e4 d6 5. h3 O-O 6. Nf3 e5 7. d5 a5 8. Bg5 Na6
9. Be2 Qe8 10. g4 Kh8 11. Nd2 {Not the most accurate move order.} ({Korobov's} 
11. Be3 {is more appropriate here (see my "Opening trends" article in CBM 182).
}) 11... Ng8 $1 12. h4 f5 ({It makes no sense to insert} 12... f6 {since
White's bishop is not placed well on g5. Here is an example:} 13. Be3 f5 14.
gxf5 gxf5 15. exf5 Bxf5 (15... Nh6 16. Bh5 Qd7 17. f6 Rxf6 18. Nde4 Rf8 {
0-1 (44) Polivanov,A (2421)-Vovk,A (2339) Lvov 2005} 19. Qd2 Nf5 20. O-O-O $14)
(15... Bh6 16. Bg5 Bxg5 17. hxg5 Bxf5 18. Nde4 $14 {1/2 (18) Giddins,S (2290)
-Gullaksen,E (2365) Skei 1995}) 16. Nde4 Nf6 17. Ng3 Qd7 {(Black's bishop has
no h7-square)} 18. h5 Rf7 19. h6 Bf8 20. Bd3 Bxd3 21. Qxd3 Ng4 22. Nce4 Nxe3
23. fxe3 Qg4 24. Kd2 $14 {0-1 (36) Polak,T (2544)-Novikov,S (2562) Pardubice
2007}) (12... h6 $5 13. Be3 f5 {is possible, transposing to the position from
my game against Spirin, examined in the same article.}) 13. gxf5 (13. f3 fxg4
$5 (13... f4 14. h5 Bf6 15. hxg6 Qxg6 16. Bxf6+ Nxf6 17. Nb3 b6 18. Qd2 Bd7 19.
O-O-O $14 {0-1 (40) Lazarev,V (2500)-Cebalo,M (2465) Estensi 2001}) 14. fxg4
Nf6 $132) 13... gxf5 14. Bh5 (14. exf5 Bxf5 15. Nde4 Nf6 16. Ng3 Qd7 17. Rg1
Nb4 18. Rc1 e4 $132 {1/2 (45) Georgiadis,I (2449)-Simeonidis,I (2238) Rethymno
2013}) 14... Qd7 15. Qe2 (15. exf5 Qxf5 16. Nde4 Nc5 17. Qe2 Nxe4 18. Nxe4 Nf6
19. Ng3 Qd7 20. Rg1 c6 $132 {0-1 (32) Solomon,K (2350)-Popovic,D (2553)
Cappelle-la-Grande 2014}) 15... Nf6 16. Bf3 fxe4 $6 {[%mdl 32]} (16... Nc5 {
is a normal continuation. If} 17. O-O-O {then} fxe4 (17... Qf7 $5) 18. Ndxe4
Nfxe4 19. Nxe4 Qf5 $1 20. Bg2 Nxe4 21. Bxe4 Qxf2 22. Qh5 (22. Qxf2 Rxf2 23.
Rdf1 Rxf1+ 24. Rxf1 Bg4 25. Rf7 Rc8 {[%cal Yh8g8]}) 22... Bf5 23. Rhf1 Bxe4 $1
24. Rxf2 Rxf2 $44) 17. Ndxe4 Nxe4 18. Nxe4 Nb4 {Alas, sending Black's knight
to c5 is not so easy now:} (18... Nc5 $6 19. Nxc5 dxc5 {[%csl Re5]} 20. Rg1 $16
) (18... b6 19. Rg1 Nc5 20. Nxc5 bxc5 21. Be4 Qf7 22. f3 $14) 19. Bg2 Qa4 (
19... c6 $5 {was probably a better way to create counterplay.}) 20. Nc3 Qc2 21.
Be4 Qxe2+ 22. Kxe2 $14 {After the exchange of queens White's king is safe, and
he keeps the better prospects due to Black's passive g7 bishop.} Bg4+ 23. f3
Bh5 24. Rag1 Rf7 $6 (24... Na6 $5 {[%cal Ya6c5]} 25. Be3 Bf6 {[%cal Yf8g8]})
25. Be3 Bf6 $2 ({It was better to "take the last move back":} 25... Rff8) 26.
Rg5 {[%mdl 64] This is what Black missed. He can't take the rook so material
losses are inevitable.} ({But} 26. a3 $1 Na6 27. Rg5 $1 {was even more
accurate. Black had no ideas with ...Nb4-c2 in that case.}) 26... Bg6 (26...
Bxg5 27. hxg5 $18) 27. Bxg6 hxg6 28. Rxg6 Nc2 29. Ne4 Be7 30. Ng5 Rf6 31. Rxf6
Bxf6 32. Ne6 {White easily converts his material and positional advantage.}
Nxe3 33. Kxe3 Rg8 34. Ke4 c6 35. Kf5 Be7 36. Ng5 Re8 37. Ne4 Kg7 38. Ke6 Bf8+
39. Kd7 Re7+ 40. Kxd6 Kf7 41. Rg1 cxd5 42. cxd5 Ke8 43. Nf6+ Kd8 (43... Kf7 44.
Nd7 $5) 44. Rg8 Re8+ 45. Rxf8 Rxf8 46. Ke6 {[%csl Rf8]} Rh8 47. h5 b5 48. d6 {
Black's king and rook are completely paralysed.} 1-0